000 00529nam a2200169Ia 4500
005 20250424120239.0
008 250424s9999 xx 000 0 und d
022 _a27053407
050 _aJQ 3081.A1 .G66/
245 0 _aGombe Journal of Administration & Management(GJAM)
260 _aGombe State, Nigeria
260 _bGombe State University
260 _c2020
300 _avi, 156 p. :ill. ; 26 cm.
650 _aPublic administration--Nigeria--Periodicals. Nigeria--Politics and government--Periodicals.
942 _cSR
999 _c38222
_d38222